Don Quijote de la Mancha

Uloženo v:
Podrobná bibliografie
Hlavní autor: Cervantes y Saavedra, Miguel de (Autor)
Médium: Kniha
Jazyk:španělština
Vydáno: Barcelona Ramón Sopena 1981
Témata:
Tagy: Přidat tag
Žádné tagy, Buďte první, kdo vytvoří štítek k tomuto záznamu!

MARC

LEADER 00000nam a2200000 a 4500
001 UCH7090
003 CL-VaPUC
008 091109e19810000SP |||||||||||||||||spa|d
082 0 4 |a 863  |b CER  |2 21 
100 |a Cervantes y Saavedra, Miguel de  |e author  |9 267947 
245 1 0 |a Don Quijote de la Mancha 
300 |a 926 p 
942 |c BK 
945 |d 20091109 00:00:00  |a lazolas 
260 |a Barcelona  |b Ramón Sopena  |c 1981 
650 0 |a Novelas españolas  |9 265052 
650 0 |a Literatura española  |9 306261 
583 |a last modification  |c 20091109 00:00:00  |k Rodrigo Vera 
999 |c 337821  |d 337819